|
|
|
|
| LEADER |
01032nam a2200361 4500 |
| 001 |
DLU060056193 |
| 005 |
##20061103 |
| 008 |
##000804s2000 iaua b 001 0 eng |
| 010 |
# |
# |
|a 00062495
|
| 020 |
# |
# |
|a 0070392129 (acid-free paper)
|
| 040 |
# |
# |
|a DLC
|c DLC
|d DLC
|
| 042 |
# |
# |
|a pcc
|
| 043 |
# |
# |
|a n-us---
|
| 050 |
# |
# |
|a JK31
|b .R56 2001
|
| 082 |
# |
# |
|a 320.973
|b RO-S
|
| 100 |
# |
# |
|a Rockwell, Stephen J.,
|d 1966-
|
| 245 |
# |
# |
|a American government :
|b competition and compromise /
|c Stephen J. Rockwell, Peter Woll
|
| 260 |
# |
# |
|a Boston :
|b McGraw-Hill,
|c 2001
|
| 300 |
# |
# |
|a xxx, 338 p. :
|b ill. ;
|c 24 cm
|
| 504 |
# |
# |
|a Includes bibliographical references and index.
|
| 650 |
# |
# |
|a Democracy
|z United States.
|
| 651 |
# |
# |
|a United States
|x Politics and government.
|
| 700 |
# |
# |
|a Woll, Peter,
|d 1933-
|
| 923 |
# |
# |
|a 25/2006
|
| 992 |
# |
# |
|a 18.400
|
| 994 |
# |
# |
|a DLU
|
| 900 |
# |
# |
|a True
|
| 911 |
# |
# |
|a Đào Thị Thu Huyền
|
| 925 |
# |
# |
|a G
|
| 926 |
# |
# |
|a A
|
| 927 |
# |
# |
|a SH
|
| 980 |
# |
# |
|a Thư viện Trường Đại học Đà Lạt
|